| LEADER 01174nam 2200277 a 4500 |
| 001 12334109187 |
| 003 ULIB |
| 008 030417s2552 th a sb 001 0 tha |
| 020 ^a9789749803257 (เล่ม 1)
|
| 020 ^a9789749803264 (เล่ม 2)
|
| 060 4 ^aWA308^bส747อ 2552
|
| 245 10 ^aเอกสารการสอนชุดวิชาอนามัยครอบครัวในงานสาธารณสุข =^cมหาวิทยาลัยสุโขทัยธรรมาธิราช.สาขาวิชาวิทยาศาสตร์สุขภาพ
|
| 246 31 ^aอนามัยครอบครัวในงานสาธารณสุข
|
| 250 ^aพิมพ์ครั้งที่ 4
|
| 260 ^aนนทบุรี :^aสำนักพิมพ์มหาวิทยาลัยสุโขทัยธรรมาธิราช,^c2552
|
| 300 ^a2 เล่ม :^bภาพประกอบ
|
| 502 ^aล.1 หน่วยที่ 1-7 - - ล.2 หน่วยที่ 8-15
|
| 520 ^aหนังสือเล่มนี้เสนอเนื้อหาแนวคิด ทฤษฎีเกี่ยวกับอนามัยครอบครัว การเริ่มใช้ชีวิตคู่ การดูแลสุขภาพของมารดา สุขภาพทารกถึงวัยเตาะแตะ การดูแลสุขภาพเด็กก่อนวัยเรียน วัยเรียนตอนต้น
|
| 650 7 ^aอนามัยครอบครัว
|
| 650 7 ^aสาธารณสุข
|
| 710 2 ^aมหาวิทยาลัยสุโขทัยธรรมาธิราช.^bสาขาวิชาวิทยาศาสตร์สุขภาพ
|
| 913 ^aImported by ULIBM Administrator
|
| 949 ^aImport form external file by ULIBM system
|
| 999 ^aสุณิสา
|